|
|
|
|
| LEADER |
00000nab a2200000 a 4500 |
| 001 |
vtls008935739 |
| 003 |
SK-MaSNL |
| 005 |
20260304145730.0 |
| 008 |
250505c20062007xo mr|p|||n |000 b|slo |
| 015 |
|
|
|a SNBRB2007/01
|
| 035 |
|
|
|a (uuid)05e260bc-fc68-4932-99ab-e54aee6f5373
|
| 035 |
|
|
|a urn:nbn:sk:snk-ab2gqn
|
| 035 |
|
|
|a (urnnbn)urn:nbn:sk:snk:ar-a02ej9
|
| 038 |
|
|
|a SPK
|
| 040 |
|
|
|a SNKBUCL
|b slo
|c SNKBUCL
|e AACR2
|
| 041 |
0 |
|
|a slo
|b slo
|
| 044 |
|
|
|a xo
|c SK
|
| 072 |
|
7 |
|a 17
|x Etika. Morálna filozofia
|2 konspekt
|
| 072 |
|
7 |
|a 373.2/.3
|x Predškolská a primárna výchova a vzdelávanie
|2 konspekt
|
| 080 |
|
|
|a 372.817.8
|2 1997
|
| 080 |
|
|
|a 373.32
|2 1997
|
| 100 |
1 |
|
|a Rovenská, Jana
|c (Mgr.)
|4 aut
|9 1452438
|
| 245 |
1 |
0 |
|a Výber aktivít etickej výchovy v procese adaptácie žiakov 1. ročníka ZŠ
|c Jana Rovenská
|
| 300 |
|
|
|b Obr.
|
| 504 |
|
|
|a Bibliogr. odkazy
|
| 650 |
0 |
7 |
|a etická výchova
|2 snkbucl
|9 4075
|
| 650 |
0 |
7 |
|a základné školy
|2 snkbucl
|9 1280
|
| 650 |
0 |
7 |
|a ročník 1.
|2 snkbucl
|9 836011
|
| 773 |
0 |
|
|t Naša škola
|g Roč. 10., č. 4 (2006/2007), s. 25-29
|
| 850 |
|
|
|a Slovenská národná knižnica
|
| 852 |
|
|
|a Slovenská národná knižnica
|
| 954 |
|
|
|a odborná, vedecká literatúra pôvodná (slovenská)
|2 lita
|
| 958 |
|
|
|a article27
|
| 958 |
|
|
|a NB
|2 spk
|
| 958 |
|
|
|a OND
|
| 958 |
|
|
|a EUIPO
|
| 999 |
|
|
|c 2936633
|d 2938563
|